Φαληρόθεν : ανάμεσα σε δύο κόσμους
Αποθηκεύτηκε σε:
| Συγγραφή απο Οργανισμό/Αρχή: | |
|---|---|
| Μορφή: | Βιβλίο |
| Γλώσσα: | Greek |
| Δημοσίευση: |
Πειραιάς :
Αρχαιολογικό Μουσείο Πειραιά,
2022.
|
| Θέματα: | |
| Ετικέτες: |
Προσθήκη ετικέτας
Δεν υπάρχουν, Καταχωρήστε ετικέτα πρώτοι!
|
MARC
| LEADER | 00000nam a2200000 a 4500 | ||
|---|---|---|---|
| 001 | 1/125880 | ||
| 008 | 230116s2022####gr | ||| |||| ||gre|| | ||
| 020 | |a 9789603865605 | ||
| 040 | |a GR-MyUa |b gre |c GR-MyUa |e AACR2 | ||
| 041 | 0 | |a gre | |
| 082 | 7 | |a 938.1 |2 (23) | |
| 245 | 0 | 0 | |a Φαληρόθεν : |b ανάμεσα σε δύο κόσμους / |c Αρχαιολογικό Μουσείο Πειραιά ; επιμέλεια : Στέλλα Χρυσουλάκη. |
| 260 | |a Πειραιάς : |b Αρχαιολογικό Μουσείο Πειραιά, |c 2022. | ||
| 300 | |a 205 σ. : |b εγχρωμ. εικ., διαγραμ. ; |c 29 εκ. | ||
| 504 | |a Περιέχει βιβλιογραφικές παραπομπές. | ||
| 650 | 0 | |a Excavations (Archaeology) |z Greece |z Athens |x Exhibitions. | |
| 650 | 0 | |a Excavations (Archaeology) |z Greece |z Faliron. | |
| 650 | 0 | |a Cemeteries |z Greece |z Athens. | |
| 650 | 0 | |a Funeral rites and ceremonies |z Greece |z Athens. | |
| 710 | 2 | |a Ελλάς. Υπουργείο Πολιτισμού και Αθλητισμού. |b Εφορεία Αρχαιοτήτων Πειραιώς και Νήσων. | |
| 767 | 0 | 8 | |i Μεταφρασμένο ως: |t Phalerothen: between two worlds. |
| 970 | |a Σιδερή |b Νεκταρία |z 2023-01-16 | ||